[Event "Buenos Aires Guimard Memorial 4th"]
[Site "Buenos Aires"]
[Date "2016.10.09"]
[Round "5"]
[White "Mariscal, Carlos Jesus"]
[Black "Mela, Benjamin"]
[Result "0-1"]
[WhiteElo "1882"]
[BlackElo "2327"]
[PlyCount "60"]
[EventDate "2016.10.08"]
[EventType "swiss"]
[EventRounds "7"]
[EventCountry "ARG"]
[SourceTitle "CBM 175 Extra"]
[Source "ChessBase"]
[SourceDate "2016.12.12"]
[SourceVersion "1"]
[SourceVersionDate "2016.12.12"]
[SourceQuality "1"]

1. d4 Nf6 2. c4 c5 3. d5 b5 4. cxb5 a6 5. b6 e6 6. Nc3 Nxd5 7. Nxd5 exd5 8. Qxd5 Nc6 9. Bd2 Be7 10. Bc3 0-0 11. Nf3 Qxb6 12. e3 Nb4 13. Qe4 Bf6 14. Bd3 Bxc3+ 15. bxc3 Nxd3+ 16. Qxd3 Bb7 17. Rb1 Qc7 18. Qf5 Bxf3 19. Qxf3 Qa5 20. 0-0 Qxa2 21. Rb7 d5 22. Rfb1 a5 23. h4 Qc4 24. h5 h6 25. Rd7 Rad8 26. Rbb7 Rxd7 27. Rxd7 Qxc3 28. Rxd5 a4 29. Qf5 a3 30. Rxc5 a2 0-1

[Event "ARG-chT"]
[Site "Villa Martelli"]
[Date "2016.09.24"]
[Round "1.3"]
[White "Mela, Benjamin"]
[Black "Cimer, Emanuel"]
[Result "1-0"]
[WhiteElo "2327"]
[BlackElo "2273"]
[PlyCount "75"]
[EventDate "2016.09.24"]
[EventType "team-swiss"]
[EventRounds "9"]
[EventCountry "ARG"]
[SourceTitle "EXT 2017"]
[Source "ChessBase"]
[SourceDate "2016.10.25"]
[SourceVersion "1"]
[SourceVersionDate "2016.10.25"]
[SourceQuality "1"]
[WhiteTeam "Boca Juniors"]
[BlackTeam "Lasker Quilmes"]
[WhiteTeamCountry "ARG"]
[BlackTeamCountry "ARG"]

1. e4 c5 2. Nf3 d6 3. d4 cxd4 4. Nxd4 Nf6 5. Nc3 g6 6. Be2 Bg7 7. 0-0 0-0 8. Re1 Nc6 9. Nb3 Be6 10. Bg5 Rc8 11. Bf1 Ne5 12. Nd5 Bxd5 13. exd5 h6 14. Be3 a5 15. a4 Qc7 16. Rc1 Nc4 17. Bd4 Qd7 18. Bc3 Nh5 19. Bxg7 Nxg7 20. Bxc4 Rxc4 21. Qe2 Rxa4 22. Qxe7 Qxe7 23. Rxe7 b6 24. c3 Nf5 25. Rb7 Ra2 26. Rb1 Re8 27. Kf1 Re5 28. Rxb6 Rxd5 29. g4 Ne7 30. Nd4 h5 31. h3 hxg4 32. hxg4 Rg5 33. f3 Nd5 34. Rxd6 Ne3+ 35. Ke2 Nc4 36. Rd8+ Kg7 37. Rb8 Rc5 38. Kd3 1-0

[Event "Rio de Janeiro Cunha Memorial"]
[Site "Rio de Janeiro"]
[Date "2014.09.11"]
[Round "8"]
[White "Mela, Benjamin"]
[Black "Cubas, Jose Fernando"]
[Result "0-1"]
[WhiteElo "2339"]
[BlackElo "2456"]
[PlyCount "32"]
[EventDate "2014.09.08"]
[EventType "tourn"]
[EventRounds "9"]
[EventCountry "BRA"]
[EventCategory "4"]
[SourceTitle "EXT 2015"]
[Source "ChessBase"]
[SourceDate "2014.11.20"]
[SourceVersion "1"]
[SourceVersionDate "2014.11.20"]
[SourceQuality "1"]

1. e4 c5 2. Nf3 Nc6 3. d4 cxd4 4. Nxd4 e5 5. Nb5 d6 6. N1c3 a6 7. Na3 Be7 8. Nd5 Nf6 9. Nxe7 Nxe7 10. Bd3 d5 11. exd5 Qxd5 12. 0-0 Bg4 13. Be2 Bxe2 14. Qxe2 Rc8 15. Bg5 Ng6 16. c4 Qc6 0-1

[Event "Villa Martelli Pro Am op 17th"]
[Site "Villa Martelli"]
[Date "2010.10.11"]
[Round "1"]
[White "Mela, Benjamin"]
[Black "Chiari, Arthur Gontijo"]
[Result "1-0"]
[WhiteElo "2335"]
[BlackElo "1929"]
[PlyCount "63"]
[EventDate "2010.10.10"]
[EventType "swiss"]
[EventRounds "9"]
[EventCountry "ARG"]
[SourceTitle "CBM 138 Extra"]
[Source "ChessBase"]
[SourceDate "2010.10.29"]
[SourceVersion "1"]
[SourceVersionDate "2010.10.29"]
[SourceQuality "1"]

1. e4 c5 2. Nf3 e6 3. d4 cxd4 4. Nxd4 a6 5. Bd3 Bc5 6. Nb3 Be7 7. 0-0 d6 8. f4 Nd7 9. a4 Ngf6 10. a5 b5 11. axb6 Qxb6+ 12. Kh1 Bb7 13. Qe2 a5 14. Nc3 h5 15. Be3 Qc7 16. Ra4 Ng4 17. Bd4 Bf6 18. Nb5 Qb8 19. Nxa5 Bxd4 20. Nxd6+ Qxd6 21. Nxb7 Qb8 22. Nd6+ Qxd6 23. Rxa8+ Nb8 24. h3 Be3 25. g3 e5 26. Kg2 exf4 27. hxg4 h4 28. gxf4 h3+ 29. Kh1 Bxf4 30. Bb5+ Kf8 31. Qd3 Qc7 32. Rxf4 1-0

[Event "LNA Puma Cup"]
[Site "Argentina"]
[Date "2006.09.23"]
[Round "4"]
[White "Kovalyov, Anton"]
[Black "Mela, Benjamin"]
[Result "1/2-1/2"]
[WhiteElo "2344"]
[BlackElo "2402"]
[PlyCount "52"]
[EventDate "2006.09.03"]
[EventType "swiss"]
[EventRounds "8"]
[EventCountry "ARG"]
[SourceTitle "EXT 2008"]
[Source "ChessBase"]
[SourceDate "2007.11.25"]
[SourceVersion "1"]
[SourceVersionDate "2007.11.25"]
[SourceQuality "1"]

1. c4 Nf6 2. Nc3 c5 3. Nf3 d5 4. cxd5 Nxd5 5. e3 g6 6. Bb5+ Nc6 7. Qa4 Nxc3 8. Bxc6+ bxc6 9. dxc3 Qb6 10. 0-0 Bg7 11. e4 0-0 12. Qc2 c4 13. Be3 c5 14. b4 cxb3 15. axb3 Qc7 16. Ra4 Bg4 17. Nd2 Be2 18. Rfa1 Be5 19. g3 Rfd8 20. Ra5 Bd3 21. Qc1 Bd6 22. Qa3 a6 23. Bf4 Rac8 24. Bxd6 Rxd6 25. c4 Be2 26. Qb2 Rcd8 1/2-1/2

[Event "Barcelona Sants op 07th"]
[Site "Barcelona"]
[Date "2005.09.02"]
[Round "8"]
[White "Peralta, Fernando"]
[Black "Mela, Benjamin"]
[Result "1-0"]
[WhiteElo "2553"]
[BlackElo "2299"]
[PlyCount "40"]
[EventDate "2005.08.27"]
[EventType "swiss"]
[EventRounds "10"]
[EventCountry "ESP"]
[SourceTitle "CBM 108 Extra"]
[Source "ChessBase"]
[SourceDate "2005.11.04"]
[SourceVersion "1"]
[SourceVersionDate "2005.11.04"]
[SourceQuality "1"]

1. Nf3 c5 2. c4 Nf6 3. Nc3 d5 4. cxd5 Nxd5 5. e3 Nxc3 6. bxc3 g6 7. Bb5+ Bd7 8. Be2 Bg7 9. 0-0 0-0 10. d4 Nc6 11. Rb1 cxd4 12. cxd4 b6 13. Ba3 Re8 14. Rc1 Na5 15. Qd2 b5 16. Rfd1 f6 17. Ne5 Nb7 18. Bf3 Bc8 19. Nc6 Qc7 20. Na5 Nxa5 1-0

[Event "Badalona op 31st"]
[Site "Badalona"]
[Date "2005.08.09"]
[Round "9"]
[White "Gonzalez Garcia, Jose"]
[Black "Mela, Benjamin"]
[Result "1/2-1/2"]
[WhiteElo "2478"]
[BlackElo "2299"]
[PlyCount "23"]
[EventDate "2005.08.01"]
[EventType "swiss"]
[EventRounds "9"]
[EventCountry "ESP"]
[SourceTitle "CBM 107 Extra"]
[Source "ChessBase"]
[SourceDate "2005.09.01"]
[SourceVersion "1"]
[SourceVersionDate "2005.09.01"]
[SourceQuality "1"]

1. d4 Nf6 2. c4 c5 3. d5 b5 4. cxb5 a6 5. bxa6 g6 6. Nc3 Bxa6 7. e4 Bxf1 8. Kxf1 d6 9. Nf3 Nbd7 10. g3 Bg7 11. Kg2 0-0 12. Ng1 1/2-1/2

[Event "Catalunya-ch"]
[Site "Barcelona"]
[Date "2005.03.24"]
[Round "5"]
[White "Mela, Benjamin"]
[Black "Alonso Moyano, Jonathan"]
[Result "1/2-1/2"]
[WhiteElo "2328"]
[BlackElo "2422"]
[PlyCount "95"]
[EventDate "2005.03.20"]
[EventType "swiss"]
[EventRounds "9"]
[EventCountry "ESP"]
[SourceTitle "EXT 2006"]
[Source "ChessBase"]
[SourceDate "2005.11.24"]
[SourceVersion "1"]
[SourceVersionDate "2005.11.24"]
[SourceQuality "1"]

1. e4 c5 2. Nf3 d6 3. d4 cxd4 4. Nxd4 Nf6 5. Nc3 g6 6. Be3 Bg7 7. f3 Nc6 8. Bc4 0-0 9. Qd2 Nd7 10. 0-0-0 Nb6 11. Bb3 Na5 12. Qe2 Bd7 13. Nd5 e6 14. Nxb6 axb6 15. Kb1 Nxb3 16. Nxb3 Bc6 17. h4 Qc7 18. h5 d5 19. hxg6 fxg6 20. Bd4 dxe4 21. fxe4 e5 22. Bc3 Rf4 23. Nd2 Qf7 24. b3 h5 25. Rdf1 b5 26. g3 Rxf1+ 27. Rxf1 Qe7 28. Bb2 Rf8 29. Rxf8+ Qxf8 30. Nf3 Qb4 31. Ng5 Bf6 32. Bc1 Qe7 33. Nh3 Qe6 34. Nf2 Be8 35. Nd1 g5 36. Ne3 Bg6 37. Nd5 Bd8 38. Qf3 Qf7 39. Qg2 Qh7 40. Qh3 g4 41. Qf1 Qf7 42. Qxb5 Bxe4 43. Nc3 Bg6 44. Qxe5 Bf6 45. Qc5 h4 46. gxh4 g3 47. h5 Bxh5 48. Ne4 1/2-1/2

[Event "Mataro IM 1st"]
[Site "Mataro"]
[Date "2005.01.04"]
[Round "8"]
[White "Mela, Benjamin"]
[Black "Llorente Zaro, Alfonso"]
[Result "0-1"]
[WhiteElo "2340"]
[BlackElo "2321"]
[PlyCount "52"]
[EventDate "2004.12.26"]
[EventType "tourn"]
[EventRounds "9"]
[EventCountry "ESP"]
[EventCategory "4"]
[SourceTitle "CBM 104 Extra"]
[Source "ChessBase"]
[SourceDate "2005.03.01"]
[SourceVersion "1"]
[SourceVersionDate "2005.03.01"]
[SourceQuality "1"]

1. e4 c5 2. Nf3 Nc6 3. d4 cxd4 4. Nxd4 e5 5. Nb5 d6 6. N1c3 a6 7. Na3 b5 8. Nd5 Nge7 9. Nxe7 Bxe7 10. c4 Nd4 11. Nc2 Bg4 12. Qd2 Bg5 13. Qc3 Nxc2+ 14. Qxc2 Rc8 15. b3 Be6 16. Bxg5 Qxg5 17. Qd1 0-0 18. cxb5 axb5 19. h4 Qg6 20. Qf3 f5 21. Bd3 fxe4 22. Qxe4 Qxe4+ 23. Bxe4 d5 24. Bd3 b4 25. Rd1 e4 26. Bb1 Bg4 0-1

[Event "Mataro IM 1st"]
[Site "Mataro"]
[Date "2004.12.30"]
[Round "5"]
[White "Mela, Benjamin"]
[Black "Vidarte Morales, Arturo"]
[Result "0-1"]
[WhiteElo "2340"]
[BlackElo "2375"]
[PlyCount "68"]
[EventDate "2004.12.26"]
[EventType "tourn"]
[EventRounds "9"]
[EventCountry "ESP"]
[EventCategory "4"]
[SourceTitle "CBM 104 Extra"]
[Source "ChessBase"]
[SourceDate "2005.03.01"]
[SourceVersion "1"]
[SourceVersionDate "2005.03.01"]
[SourceQuality "1"]

1. e4 e5 2. Nf3 Nc6 3. d4 exd4 4. Nxd4 Bc5 5. Be3 Qf6 6. c3 Nge7 7. Bc4 0-0 8. 0-0 Ne5 9. Be2 d5 10. Nd2 Bb6 11. f4 Qh6 12. Bf2 Qxf4 13. Ne6 Qxf2+ 14. Rxf2 fxe6 15. Bf3 Nd3 16. Kf1 Nxf2 17. Qa4 c6 18. Ke2 Ng6 19. g3 e5 20. Rf1 dxe4 21. Nxe4 Rxf3 22. Qc4+ Kh8 23. Nxf2 Re3+ 24. Kd2 Bf5 25. Kc1 Rf3 26. g4 Bd7 27. Ne4 Rxf1+ 28. Qxf1 Rf8 29. Qd1 Be6 30. Qd3 Rd8 31. Qh3 Nf4 32. Qf3 Rd3 33. Qf1 Bxg4 34. Kc2 Bf5 0-1

[Event "Mataro IM 1st"]
[Site "Mataro"]
[Date "2004.12.27"]
[Round "2"]
[White "Rios Parra, Alejandro"]
[Black "Mela, Benjamin"]
[Result "1/2-1/2"]
[WhiteElo "2283"]
[BlackElo "2340"]
[PlyCount "53"]
[EventDate "2004.12.26"]
[EventType "tourn"]
[EventRounds "9"]
[EventCountry "ESP"]
[EventCategory "4"]
[SourceTitle "CBM 104 Extra"]
[Source "ChessBase"]
[SourceDate "2005.03.01"]
[SourceVersion "1"]
[SourceVersionDate "2005.03.01"]
[SourceQuality "1"]

1. e4 e6 2. d4 d5 3. Nd2 Be7 4. Ngf3 Nf6 5. Bd3 c5 6. exd5 Qxd5 7. dxc5 Qxc5 8. 0-0 0-0 9. b3 Nbd7 10. Bb2 b6 11. Nc4 Qc7 12. Nfe5 Nc5 13. Be2 Rd8 14. Qe1 Bb7 15. Bf3 Bxf3 16. Nxf3 Nce4 17. a4 Bc5 18. Nce5 Qb7 19. Nd3 Be7 20. Nfe5 Rac8 21. c4 Nc5 22. Nxc5 bxc5 23. Qe3 Rb8 24. Rab1 Nd7 25. Rfd1 Nxe5 26. Rxd8+ Rxd8 27. Bxe5 1/2-1/2

[Event "Barcelona Rubi op-A 5th"]
[Site "Barcelona"]
[Date "2004.04.??"]
[Round "6"]
[White "Gonzalez Rodriguez, Jorge Armando"]
[Black "Mela, Benjamin"]
[Result "1/2-1/2"]
[WhiteElo "2345"]
[BlackElo "2345"]
[PlyCount "30"]
[EventDate "2004.04.25"]
[EventType "swiss"]
[EventRounds "9"]
[EventCountry "ESP"]
[SourceTitle "EXT 2007"]
[Source "ChessBase"]
[SourceDate "2006.11.23"]
[SourceVersion "1"]
[SourceVersionDate "2006.11.23"]
[SourceQuality "1"]

1. b3 e5 2. Bb2 Nc6 3. e3 d5 4. Nf3 Bd6 5. c4 Nf6 6. cxd5 Nxd5 7. d3 0-0 8. a3 Qe7 9. Nbd2 Bg4 10. b4 a6 11. Be2 Kh8 12. h3 Bh5 13. Nc4 Rad8 14. Nfd2 Bg6 15. g4 Nb6 1/2-1/2

[Event "Barcelona Rubi op-A 5th"]
[Site "Barcelona"]
[Date "2004.04.??"]
[Round "8"]
[White "Guasch Sariol, Jaume"]
[Black "Mela, Benjamin"]
[Result "1/2-1/2"]
[WhiteElo "2035"]
[BlackElo "2345"]
[PlyCount "48"]
[EventDate "2004.04.25"]
[EventType "swiss"]
[EventRounds "9"]
[EventCountry "ESP"]
[SourceTitle "EXT 2007"]
[Source "ChessBase"]
[SourceDate "2006.11.23"]
[SourceVersion "1"]
[SourceVersionDate "2006.11.23"]
[SourceQuality "1"]

1. d4 Nf6 2. c4 c5 3. d5 b5 4. cxb5 a6 5. bxa6 g6 6. Nc3 Bxa6 7. Nf3 d6 8. g3 Bg7 9. Bg2 Nbd7 10. Rb1 Qa5 11. Bd2 0-0 12. 0-0 Bb7 13. e4 Qa6 14. b3 e6 15. dxe6 fxe6 16. Re1 d5 17. exd5 exd5 18. a4 d4 19. Nb5 Qc6 20. Nh4 Qb6 21. Rc1 Bxg2 22. Nxg2 Nd5 23. Nf4 Nxf4 24. Bxf4 Rf6 1/2-1/2

[Event "Barcelona Rubi op-A 5th"]
[Site "Barcelona"]
[Date "2004.04.??"]
[Round "5"]
[White "Mela, Benjamin"]
[Black "Vehi Bach, Victor Manuel"]
[Result "1/2-1/2"]
[WhiteElo "2347"]
[BlackElo "2365"]
[PlyCount "49"]
[EventDate "2004.04.25"]
[EventType "swiss"]
[EventRounds "9"]
[EventCountry "ESP"]
[SourceTitle "EXT 2007"]
[Source "ChessBase"]
[SourceDate "2006.11.23"]
[SourceVersion "1"]
[SourceVersionDate "2006.11.23"]
[SourceQuality "1"]

1. e4 c5 2. Nf3 e6 3. d4 cxd4 4. Nxd4 Nf6 5. Nc3 d6 6. f3 Be7 7. Be3 Nc6 8. Qd2 a6 9. 0-0-0 0-0 10. g4 Nd7 11. Kb1 Nde5 12. Be2 Nxd4 13. Qxd4 b5 14. f4 Nd7 15. g5 Rb8 16. h4 b4 17. Na4 Bb7 18. g6 Bc6 19. h5 e5 20. fxe5 dxe5 21. Qc4 Bb5 22. gxf7+ Rxf7 23. Qe6 Bxe2 24. Rxd7 Qe8 25. Nb6 1/2-1/2

[Event "Barcelona Rubi op-A 5th"]
[Site "Barcelona"]
[Date "2004.04.??"]
[Round "3"]
[White "Rafols Albet, Josep"]
[Black "Mela, Benjamin"]
[Result "0-1"]
[WhiteElo "2155"]
[BlackElo "2347"]
[PlyCount "76"]
[EventDate "2004.04.25"]
[EventType "swiss"]
[EventRounds "9"]
[EventCountry "ESP"]
[SourceTitle "EXT 2007"]
[Source "ChessBase"]
[SourceDate "2006.11.23"]
[SourceVersion "1"]
[SourceVersionDate "2006.11.23"]
[SourceQuality "1"]

1. b3 c5 2. Bb2 Nc6 3. e3 e5 4. d3 d5 5. Nf3 d4 6. Be2 Nf6 7. exd4 exd4 8. Nbd2 Bd6 9. Ne4 Bc7 10. 0-0 b6 11. Qd2 h6 12. c3 0-0 13. cxd4 cxd4 14. Rac1 Bb7 15. Rc4 b5 16. Rc5 a6 17. Rfc1 Ba5 18. Qf4 Nd5 19. Qd6 Nde7 20. Nxd4 Nxd4 21. Bxd4 Ng6 22. Bxg7 Kxg7 23. Ng3 Qxd6 24. Nf5+ Kh7 25. Nxd6 Nf4 26. Bg4 Bd5 27. g3 Rad8 28. Nc8 f5 29. gxf4 fxg4 30. Ne7 Bf3 31. Nc6 Bxc6 32. Rxc6 Rxd3 33. Rxa6 Bc3 34. b4 Rxf4 35. a3 Rf7 36. Rb6 Bd4 37. Rxb5 Rxf2 38. Kh1 Rdd2 0-1